000 01592nam a2200289 a 4500
001 40541
003 BD-RjUL
005 20211209053234.0
008 160502s2014 bg a|||| |||| 00| 0 ben d
020 _a9789849078562
_c: Tk. 10,000.00 (set)
035 _a(BD-RjUL)40656
040 _aBD-RjUL
_bben
_cBD-RjUL
_dBD-RjUL
041 _aben
082 _223
_a891.4412
_bALO 2014
100 _aআলী, মুন্সী জফর
_9124794
245 1 0 _aওছিওতুন্নবী /
_cমুন্সী জফর আলী ; সংগ্রহ, লিপ্যন্তর ও সম্পাদনা মো. আব্দুল মান্নান, মোস্তফা সেলিম
260 _aঢাকা :
_bউৎস প্রকাশন,
_c২০১৪
300 _a১১৯, [১] পৃ :
_bচিত্র ;
_c২৫ সেমি.
490 _aনাগরীলিপির গ্রন্থসম্ভার ;
_v১৬
500 _a"২৫টি পুথির নাগরী গ্রন্থসম্ভার "
650 _aBengali poetry
_9124657
650 _aবাংলা পুথি
_9124658
700 _aমান্নান, মো. আব্দুল, সংগ্রাহক, লিপ্যন্তরকারী ও সম্পাদক
_9124653
700 _aসেলিম, মোস্তফা, সংগ্রাহক, লিপ্যন্তরকারী ও সম্পাদক
_9124654
830 _aনাগরীলিপির গ্রন্থসম্ভার ;
_v১৬
_9124655
942 _2ddc
_cBK
999 _c40541
_d40541